000 01563nam a22003977a 4500
003 CHAP
005 20220329143256.0
008 071103ss007 mx r 00010 spa d
010 _a94298
011 _a95270
035 _a105889
040 _cCHAP
090 _aTesis
100 1 _aGarcía Ruan, Alvaro.
_946559
245 1 0 _aManejo químico de la cenicilla de la calabaza (Golovinomyces = Erysiphe cichoracearum) en San Bernardino, Texcoco, México
_c/por Alvaro García Ruam
260 _aChapingo, Méx. :
_bEl autor,
_c2007.
300 _a50 h. :
_bilus. ; gráfs. ; cuadros
502 _aTesis (Ing. Agr. Esp. en Parasitología Agrícola) -- UACH. Departamento de Parasitología Agrícola
530 _aTambién disponible en línea
590 _aALEPH
_b10
_c20130110
_lUCH01
_h1521
590 _aBATCH-UPD
_b10
_c20130110
_lUCH01
_h0715
590 _aBATCH-UPD
_b10
_c20130410
_lUCH01
_h0400
590 _aBATCH-UPD
_b10
_c20130914
_lUCH01
_h0815
590 _aBATCH-UPD
_b10
_c20140324
_lUCH01
_h1505
590 _aBATCH-UPD
_b10
_c20141002
_lUCH01
_h0835
590 _aCONVERSION
_b10
_c20130109
_lUCH01
_h1352
650 1 4 _aCalabaza
_xEnfermedades.
_917269
650 1 4 _aCenicilla polvorienta de la calabaza.
_920973
650 1 4 _aFungicidas.
_944044
856 _3Finding aid
_uhttp://10.13.5.2/tesis/105889.pdf
_zTeclea aqui
901 _aBK
905 _aElisama A. H.
942 _cCD
949 _aTesis
_bBC
_cTES
_d33724002045132
_eTS1
_gDonaciØn
_h47392
_i105889
_sb
949 _aTesis
_bBC
_cTES
_d33724002045173
_eTS2
_fc.2
_gDonaciØn
_h47393
_i105889
_si
999 _c94298
_d94298